000 00573cam a2200181u 4500
001 ne 67000800
003 DLC
005 20260227111831.0
008 841025s1944 xx ach 000 0bper
010 _ane 67000800
040 _aDLC
_cCarP
_dDLC
050 0 0 _aDS307
_b.M3 (Orien Pers)
100 1 _aMakkī, Ḥusayn.
245 1 0 _aZindagānī-i Mīrzā Taqī Khān Amīr Kabīr.
260 _a[Tihrān]
_bKitābfurūshī Muḥammad ʻAlī ʻIlmī,
_c[1944]
300 _a6, 413 p.
_billus., facsims., ports.
_c22 cm.
600 1 0 _aAmīr Kabīr, Mīrzā Taqī Khān,
_d-1852.
999 _c49558
_d49558